000 00280nam a22001457a 4500
003 SGT
082 _a611.314
_bC88C
100 _aCCRH
245 _aCHAPTER TEETH
260 _aDELHI
_bCCRH
_c1988
300 _a20
650 _aHOMOEOPATHIC
653 _aTEETH
942 _2ddc
_cBK
999 _c18202
_d18202